000 00294nam a22001337a 4500
008 181011b xxu||||| |||| 00| 0 eng d
020 _a0070477493
041 _aeng
080 _a330
100 _a52
101 _aMBE
245 _aTamperin with the Machinery
_cSimon, W.E
942 _2udc
_cBK
999 _c49361
_d49361